| 000 | 00654nam a2200241Ia 4500 | ||
|---|---|---|---|
| 008 | 180523s9999 xx 000 0 und d | ||
| 020 | _a978-981-4607-51-3 | ||
| 050 | _aMAIN QC 23.3 | ||
| 050 | _b.G75 2015 | ||
| 100 | _aGriffith, W. Thomas | ||
| 245 | 4 | _aThe Physics of everyday phenomena : | |
| 245 | 2 | _ba conceptual introduction to physics / | |
| 245 | 0 | _cW. Thomas Griffith, Juliet W. Brosing. | |
| 250 | _a8th Edition | ||
| 260 | _a[s.l.] : | ||
| 260 | _bMcGraw-Hill, | ||
| 260 | _c2015 | ||
| 300 | _a477 pages : | ||
| 300 | _billustrations ; | ||
| 300 | _c28 cm. | ||
| 500 | _aIncludes index. | ||
| 650 | _aPhysics -- Textbooks. | ||
| 999 |
_c357526 _d357526 |
||